Detalles MARC
| 000 -LEADER |
| campo de control de longitud fija |
03048nam a2200421 i 4500 |
| 001 - NÚMERO DE CONTROL |
| campo de control |
2843 |
| 003 - IDENTIFICADOR DE NÚMERO DE CONTROL |
| campo de control |
gtuscu |
| 005 - FECHA Y HORA DE LA ÚLTIMA TRANSACCIÓN |
| campo de control |
20260511125513.0 |
| 007 - CAMPO FIJO DE DESCRIPCIÓN FÍSICA--INFORMACIÓN GENERAL |
| campo de control de longitud fija |
ta |
| 008 - DATOS DE LONGITUD FIJA--INFORMACIÓN GENERAL |
| campo de control de longitud fija |
260511e2006 gt a|||| |||| 00| 0 spa d |
| 040 ## - FUENTE DE CATALOGACIÓN |
| Centro catalogador/agencia de origen |
gtuscu |
| Lengua de catalogación |
spa |
| Centro/agencia transcriptor |
gtuscu |
| Centro/agencia modificador |
gtuscu |
| Normas de descripción |
rda |
| 082 04 - NÚMERO DE LA CLASIFICACIÓN DECIMAL DEWEY |
| Número de clasificación |
CEUR 333.32 P171 |
| 100 1# - ENTRADA PRINCIPAL--NOMBRE DE PERSONA |
| Nombre de persona |
Palma Urrutia, Huber Ernesto |
| 9 (RLIN) |
10 |
| Término indicativo de función/relación |
creador |
| 245 1# - MENCIÓN DEL TÍTULO |
| Título |
Latifundio y urbanización en Guatemala / |
| Mención de responsabilidad, etc. |
Huber Ernesto Palma Urrutia |
| 264 #1 - PRODUCCIÓN, PUBLICACIÓN, DISTRIBUCIÓN, FABRICACIÓN Y COPYRIGHT |
| Producción, publicación, distribución, fabricación y copyright |
Guatemala : |
| Nombre del de productor, editor, distribuidor, fabricante |
Universidad de San Carlos de Guatemala, Centro de Estudios Urbanos y Regionales, |
| Fecha de producción, publicación, distribución, fabricación o copyright |
2006. |
| 300 ## - DESCRIPCIÓN FÍSICA |
| Extensión |
295 páginas : |
| Otras características físicas |
ilustraciones blanco y negro ; |
| Dimensiones |
21 cm |
| 336 ## - TIPO DE CONTENIDO |
| Fuente |
rdacontenido |
| Término de tipo de contenido |
texto |
| Código de tipo de contenido |
txt |
| 337 ## - TIPO DE MEDIO |
| Fuente |
rdamedio |
| Nombre/término del tipo de medio |
sin mediación |
| Código del tipo de medio |
n |
| 338 ## - TIPO DE SOPORTE |
| Fuente |
rdasoporte |
| Nombre/término del tipo de soporte |
volumen |
| Código del tipo de soporte |
nc |
| 490 ## - MENCIÓN DE SERIE |
| Mención de serie |
El Proceso de urbanización en Guatemala 1944-2002 ; |
| Designación de volumen o secuencia |
volumen V |
| 505 0# - NOTA DE CONTENIDO CON FORMATO |
| Información miscelánea |
Lista de abreviaturas |
| 505 0# - NOTA DE CONTENIDO CON FORMATO |
| Información miscelánea |
Presentación -- |
| 505 0# - NOTA DE CONTENIDO CON FORMATO |
| Información miscelánea |
Introducción -- |
| 505 0# - NOTA DE CONTENIDO CON FORMATO |
| Información miscelánea |
Capítulo I. |
| Título |
Exploración a la tenencia agraria -- |
| 505 0# - NOTA DE CONTENIDO CON FORMATO |
| Información miscelánea |
Capítulo II. |
| Título |
La teoría de la renta de la tierra -- |
| 505 0# - NOTA DE CONTENIDO CON FORMATO |
| Información miscelánea |
Capítulo III. |
| Título |
Aproximación a la tierra urbana -- |
| 505 0# - NOTA DE CONTENIDO CON FORMATO |
| Información miscelánea |
Reflexiones Finales -- |
| 505 0# - NOTA DE CONTENIDO CON FORMATO |
| Información miscelánea |
Conclusiones -- |
| 505 0# - NOTA DE CONTENIDO CON FORMATO |
| Información miscelánea |
Apéndices -- |
| 505 0# - NOTA DE CONTENIDO CON FORMATO |
| Información miscelánea |
Bibliografía y Referencias -- |
| 505 0# - NOTA DE CONTENIDO CON FORMATO |
| Información miscelánea |
Listado de Cuadros -- |
| 505 0# - NOTA DE CONTENIDO CON FORMATO |
| Información miscelánea |
Listado de Gráficas -- |
| 505 0# - NOTA DE CONTENIDO CON FORMATO |
| Información miscelánea |
Listado de Mapas. |
| 520 3# - RESUMEN, ETC. |
| Sumario, etc. |
Rechazando de manera crítica el enfoque tradicional que separa la cosa rural de la cosa urbana, el presente estudio indica que la ocupación, la posesión y la propiedad de la tierra agraria son determinantes importantes para analizar y explicar el proceso de urbanización en Guatemala. Esta investigación aborda de manera analítica la estructura de tenencia agraria, la teoría de la renta de la tierra, el proceso de urbanización y creación del suelo urbano en Guatemala, las características del alojamiento y hogares guatemaltecos, así como la gestión de la tierra urbana, como puntos de inicio para aproximarse a una percepción de la estructura de posesión de la tierra urbana.<br/>La exploración de la tenencia agraria y la aproximación a la tenencia de la tierra urbana, permiten afirmar que la estructura de la propiedad y la tenencia de la tierra, por demás concentradora, monopólica y oligopólica, han determinado que el proceso de urbanización, en Guatemala se haya dado, al menos de 1950 al 2003, bajo una condición de elevada retención de suelo potencialmente urbano. Además, dentro de un marco de desarrollo capitalista frágil y tardío, por demás rentista, que a su vez determina un retardado proceso de urbanización cuyas características están asociadas a la pobreza, la vulnerabilidad, el riesgo y el desastre, a ciudades y centros urbanos plagados de informalidad, irregularidades, precariedad y caos urbanístico.<br/><br/> |
| 650 14 - PUNTO DE ACCESO ADICIONAL DE MATERIA--TÉRMINO DE MATERIA |
| Término de materia o nombre geográfico como elemento de entrada |
Tenencia de la tierra |
| Subdivisión geográfica |
Guatemala |
| Fuente del encabezamiento o término |
LEMB |
| 9 (RLIN) |
128 |
| 650 14 - PUNTO DE ACCESO ADICIONAL DE MATERIA--TÉRMINO DE MATERIA |
| Término de materia o nombre geográfico como elemento de entrada |
Distribución de tierras |
| Subdivisión geográfica |
Guatemala |
| Fuente del encabezamiento o término |
LEMB |
| 9 (RLIN) |
129 |
| 942 ## - ELEMENTOS DE ENTRADA SECUNDARIOS (KOHA) |
| Fuente de la clasificación o esquema de estantería |
Clasificación Decimal Dewey |
| Tipo de ítem Koha |
Libros |
| Parte de la signatura que corresponde a la clasificación (Parte de la clasificación) |
CEUR 333.32 P171 |
| Suprimir en OPAC |
No |